Wildlife ecology and management / (Record no. 13828)

MARC details
000 -LEADER
fixed length control field 00805pam a2200289 a 4500
001 - CONTROL NUMBER
control field 000
005 - DATE AND TIME OF LATEST TRANSACTION
control field 20170721093820.0
006 - FIXED-LENGTH DATA ELEMENTS--ADDITIONAL MATERIAL CHARACTERISTICS--GENERAL INFORMATION
fixed length control field 000
007 - PHYSICAL DESCRIPTION FIXED FIELD--GENERAL INFORMATION
fixed length control field 000
008 - FIXED-LENGTH DATA ELEMENTS--GENERAL INFORMATION
fixed length control field 000
010 ## - LIBRARY OF CONGRESS CONTROL NUMBER
LC control number 83011263
020 ## - INTERNATIONAL STANDARD BOOK NUMBER
International Standard Book Number 0024022500
040 ## - CATALOGING SOURCE
Original cataloging agency UOEL
Transcribing agency DLC
Modifying agency DLC
050 00 - LIBRARY OF CONGRESS CALL NUMBER
Classification number SK355
Item number .R6 1984
082 00 - DEWEY DECIMAL CLASSIFICATION NUMBER
Classification number 639/.9
Edition number 19
100 1# - MAIN ENTRY--PERSONAL NAME
Personal name Robinson, William Laughlin,
Dates associated with a name 1933-
245 10 - TITLE STATEMENT
Title Wildlife ecology and management /
Statement of responsibility, etc William L. Robinson, Eric G. Bolen.
260 ## - PUBLICATION, DISTRIBUTION, ETC. (IMPRINT)
Place of publication, distribution, etc New York :
Name of publisher, distributor, etc Macmillan ;
Place of publication, distribution, etc London :
Name of publisher, distributor, etc Collier Macmillan,
Date of publication, distribution, etc c1984.
300 ## - PHYSICAL DESCRIPTION
Extent xiv, 478 p. :
Other physical details ill. ;
Dimensions 24 cm.
500 ## - GENERAL NOTE
General note Includes index.
504 ## - BIBLIOGRAPHY, ETC. NOTE
Bibliography, etc Bibliography: p. 421-457.
650 #0 - SUBJECT ADDED ENTRY--TOPICAL TERM
Topical term or geographic name as entry element Wildlife management.
Topical term or geographic name as entry element Ecology.
700 1# - ADDED ENTRY--PERSONAL NAME
Personal name Bolen, Eric G.
906 ## - LOCAL DATA ELEMENT F, LDF (RLIN)
a 7
b cbc
c orignew
d 1
e ocip
f 19
g y-gencatlg
942 ## - ADDED ENTRY ELEMENTS (KOHA)
Source of classification or shelving scheme Library of Congress Classification
Item type SES Book
Holdings
Withdrawn status Lost status Source of classification or shelving scheme Damaged status Not for loan Home library Current library Shelving location Date acquired Total Checkouts Full call number Barcode Date last seen Copy number Price effective from Koha item type
    Library of Congress Classification     UOE Main Library UOE Main Library Open shelf 21/07/2017   SK355 .R6 1984 10044874 27/04/2026 10044874 21/07/2017 SES Book